Universe / (Record no. 2745)

MARC details
000 -LEADER
fixed length control field 01048nac a22003131i 4500
003 - CONTROL NUMBER IDENTIFIER
control field EG-ScBUE
005 - DATE AND TIME OF LATEST TRANSACTION
control field 20250326125948.0
008 - FIXED-LENGTH DATA ELEMENTS--GENERAL INFORMATION
fixed length control field 250326s2005 xxkabc rd 001 0 eng d
020 ## - INTERNATIONAL STANDARD BOOK NUMBER
International Standard Book Number 1405310715
020 ## - INTERNATIONAL STANDARD BOOK NUMBER
International Standard Book Number 9781405310710
040 ## - CATALOGING SOURCE
Original cataloging agency EG-ScBUE
Language of cataloging eng
Description conventions rda
Transcribing agency EG-ScBUE
Modifying agency EG-ScBUE
082 04 - DEWEY DECIMAL CLASSIFICATION NUMBER
Classification number 523.1
Item number UNI
Edition number 22
245 00 - TITLE STATEMENT
Title Universe /
Remainder of title general editor Martin Rees.
246 34 - VARYING FORM OF TITLE
Title proper/short title Universe :
Remainder of title the definitive visual guide
250 ## - EDITION STATEMENT
Edition statement First edition.
264 #1 - PUBLICATION, DISTRIBUTION, ETC. (IMPRINT)
Place of publication, distribution, etc London :
Name of publisher, distributor, etc Dorling Kindersley Limited,
Date of publication, distribution, etc 2005.
300 ## - PHYSICAL DESCRIPTION
Extent 512 pages :
Other physical details illustrations (some color), maps, portraits ;
Dimensions 31 cm
336 ## - CONTENT TYPE
Source rdacontent
Content type term text
Content type code txt
337 ## - MEDIA TYPE
Media type term unmediated
Source rdamedia
Media type code n
338 ## - CARRIER TYPE
Carrier type term volume
Carrier type code nc
Source rdacarrier
500 ## - GENERAL NOTE
General note Includes index.
500 ## - GENERAL NOTE
General note Includes glossary.
650 #7 - SUBJECT ADDED ENTRY--TOPICAL TERM
Topical term or geographic name as entry element Cosmology
Form subdivision Popular works.
Source of heading or term BUEsh
650 #7 - SUBJECT ADDED ENTRY--TOPICAL TERM
Topical term or geographic name as entry element Cosmology
Form subdivision Pictorial works.
Source of heading or term BUEsh
650 #7 - SUBJECT ADDED ENTRY--TOPICAL TERM
Topical term or geographic name as entry element Universe
Form subdivision Pictorial works.
Source of heading or term BUEsh
650 #7 - SUBJECT ADDED ENTRY--TOPICAL TERM
Topical term or geographic name as entry element Universe
Form subdivision Popular works.
Source of heading or term BUEsh
700 1# - ADDED ENTRY--PERSONAL NAME
Personal name Rees, Martin J.,
Relator term editor.
942 ## - ADDED ENTRY ELEMENTS (KOHA)
Koha item type NB - Book (Non borrowing)
Call number prefix 523.1 R25911
Source of classification or shelving scheme Dewey Decimal Classification
Holdings
Withdrawn status Lost status Source of classification or shelving scheme Damaged status Not for loan Home library Current library Shelving location Date acquired Source of acquisition Cost, normal purchase price Total Checkouts Full call number Barcode Date last seen Cost, replacement price Koha item type
    Dewey Decimal Classification     Central Library Central Library First floor 16/04/2007 Purchase 330.00   523.1 UNI 000001540 15/07/2025 412.50 NB - Book (Non borrowing)